Piramides de Palavras - Statistics

Estatísticas Gerais
  • Esse quiz foi jogado 422 vezes
  • A pontuação média é 10 de 27
Estatísticas das Respostas
Hint Letter Resposta % Correto
Primeira letra do alfabeto - A
100%
Deus egípcio do Sol R RA
85%
Reza O ORA
81%
1 em numeração romana - I
77%
Parte da frente de uma embarcação P PROA
71%
Conjunção cooperativa - E
70%
Segunda nota musical R RE
62%
Uma área de 1 decâmetro quadrado A ARE
48%
Andar R IR
41%
Um dos pecados capitais A IRA
39%
Descarga elétrica atmosférica O RAIO
35%
Cavalo famoso T TROIA
31%
10¹² T TERA
28%
Planeta R TERRA
28%
Aquela que lê L LEITORA
21%
Ideia com base numa hipotese E TEORIA
21%
Web browser E OPERA
20%
Lista dos erros de um texto impresso A ERRATA
19%
Martelo de forja M MARRETA
18%
Aquele que faz pão D PADEIRO
16%
Pequenas partículas suspensas I POEIRA
16%
Aquele que ganha um prémio M PREMIADO
12%
Chefe de estado do Japão R IMPERADOR
9%
Levarem alguém sem permissão P RAPTAREM
6%
Meteorito composto por alguns elementos metálicos O AEROLITO
2%
Que é incerto A ALEATORIO
0%
Característica ou variável que permite definir algo O PARAMETRO
0%
Nenhum quiz correspondente encontrado
Distribuição das Pontuações
Porcentagem de Pessoas com Cada Pontuação
Percentil de Números Respondidos
Sua Pontuação Histórica
Você não jogou esse quiz